| 000 -LEADER |
| fixed length control field |
00981nam a2200241 4500 |
| 001 - CONTROL NUMBER |
| control field |
22691 |
| 003 - CONTROL NUMBER IDENTIFIER |
| control field |
BD-DhUAP |
| 005 - DATE AND TIME OF LATEST TRANSACTION |
| control field |
20250710131634.0 |
| 008 - FIXED-LENGTH DATA ELEMENTS--GENERAL INFORMATION |
| fixed length control field |
250624b2018 ny aaoe| |||| 001 0aeng d |
| 020 ## - INTERNATIONAL STANDARD BOOK NUMBER |
| International Standard Book Number |
9783038600831 |
| Terms of availability |
(hardcover) |
| 040 ## - CATALOGING SOURCE |
| Original cataloging agency |
BD-DhUAP |
| Language of cataloging |
Eng |
| Transcribing agency |
BD-DhUAP |
| Modifying agency |
BD-DhUAP |
| Description conventions |
BD-DhUAP |
| 082 ## - DEWEY DECIMAL CLASSIFICATION NUMBER |
| Edition number |
23 |
| Classification number |
724.6 CHO |
| 100 ## - MAIN ENTRY--PERSONAL NAME |
| Personal name |
Chowdhury, Kashef. |
| Relator term |
Artist, architect. |
| 245 ## - TITLE STATEMENT |
| Title |
A Glass labyrinth in Venice/ |
| Statement of responsibility, etc. |
(Author) Kashef Chowdhury. |
| 260 ## - PUBLICATION, DISTRIBUTION, ETC. |
| Place of publication, distribution, etc. |
Zurich, Switzerland : |
| Name of publisher, distributor, etc. |
Park Books AG, |
| Date of publication, distribution, etc. |
©2018, [2018]. |
| 300 ## - PHYSICAL DESCRIPTION |
| Extent |
88 pages (some folded) : |
| Other physical details |
chiefly illustrations (chiefly color), facsimiles, plans ; |
| Dimensions |
28 cm. |
| 504 ## - BIBLIOGRAPHY, ETC. NOTE |
| Bibliography, etc. note |
Includes bibliographical references. |
| 650 ## - SUBJECT ADDED ENTRY--TOPICAL TERM |
| Topical term or geographic name entry element |
Chowdhury, Kashef. |
| Form subdivision |
Architecture--Bangladesh--Exhibitions. |
| General subdivision |
Installations (Art)--Italy--Venice--Exhibitions |
| 650 ## - SUBJECT ADDED ENTRY--TOPICAL TERM |
| Topical term or geographic name entry element |
Chowdhury, Kashef. |
| Form subdivision |
Glass art. Glass construction, |
| General subdivision |
Italy--Venice. |
| 700 ## - ADDED ENTRY--PERSONAL NAME |
| Personal name |
Robert McCarter. |
| 700 ## - ADDED ENTRY--PERSONAL NAME |
| Personal name |
Alejandro Aravena . |
| 942 ## - ADDED ENTRY ELEMENTS (KOHA) |
| Source of classification or shelving scheme |
|
| Koha item type |
Book |